Bariéry podnikania a možnosti riešenia v poľnohospodárskych podnikoch v Slovenskej republike

Bariéry podnikania v poľnohospodárskych podnikoch v SR. Efektívnejšie využívanie dostupných finančných zdrojov z eurofondov. Odstránenie bariér podnikania v poľnohospodárstve a stabilizácia slovenských výrobkov.

Gespeichert in:
Bibliographische Detailangaben
1. Verfasser: Šúbertová, Elena
Format: Buchkapitel
Sprache:Slowakisch
Schlagworte:
Tags: Tag hinzufügen
Keine Tags, Fügen Sie das erste Tag hinzu!

MARC

LEADER 00000naa$a2200000$$$4500
001 0134828
005 20240502072519.8
041 0 |a slo 
044 |a SK 
245 1 0 |a Bariéry podnikania a možnosti riešenia v poľnohospodárskych podnikoch v Slovenskej republike  |c Elena Šúbertová 
520 |a Bariéry podnikania v poľnohospodárskych podnikoch v SR. Efektívnejšie využívanie dostupných finančných zdrojov z eurofondov. Odstránenie bariér podnikania v poľnohospodárstve a stabilizácia slovenských výrobkov. 
610 2 0 |a politika poľnohospodárska 
610 2 0 |a poľnohospodárstvo 
610 2 0 |a podnik poľnohospodársky 
610 2 0 |a farmy 
610 2 0 |a podnikanie 
610 2 0 |a zdroje finančné 
610 2 0 |a konkurencia 
610 2 0 |a Slovensko 
610 2 0 |a Európska únia 
100 1 |a Šúbertová, Elena